| 000 | 00499cam a2200193ua 4500 | ||
|---|---|---|---|
| 001 | 439 | ||
| 008 | 110406n ii |||gr||||Z||||||eng | ||
| 020 | _a81-85-135-37-1 | ||
| 040 | _cMAIN | ||
| 082 | _a324.207554552 | ||
| 245 | 1 |
_aCommunist party in Punjab _cby J.S. Brar |
|
| 250 | _a1st. | ||
| 260 |
_aDelhi: _bNational book organisation,989. |
||
| 300 |
_axv, 272p.: _c25cm. |
||
| 653 | _aPolitical science | ||
| 653 | _aCommunist party in Punjab | ||
| 700 |
_aBrar, J.S., _eAuthor. |
||
| 942 | _cBK | ||
| 999 |
_c383 _d383 |
||